[Event "3rd EUR-ch (w)"]
[Site "Varna BUL"]
[Date "2002.05.29"]
[Round "3.25"]
[White "Gasparian, Narine"]
[Black "Grabuzova, Tatiana"]
[Result "0-1"]
[WhiteElo "2204"]
[BlackElo "2388"]
[EventDate "2002.05.27"]
[PlyCount "80"]

1.d4 e6 2.c4 b6 3.Nc3 Bb7 4.Nf3 f5 5.g3 Nf6 6.Bg2 g6 7.O-O Bg7 8.d5 Na6 9.
Bf4 O-O 10.d6 c5 11.Nb5 Nb4 12.Nc7 Rb8 13.a3 Nc6 14.Ne5 Ne4 15.Nxc6 Bxc6 
16.Qc1 Qf6 17.Bxe4 fxe4 18.Bh6 Bxh6 19.Qxh6 Qxb2 20.Qe3 Qe5 21.Rad1 Qh5 
22.Nb5 Qh3 23.Nxa7 Ba8 24.Qg5 Rf5 25.Qh4 Qxh4 26.gxh4 e3 27.fxe3 Re5 28.
Rd3 Be4 29.Rb3 Rh5 30.Rf4 Bf5 31.e4 e5 32.Rf2 Be6 33.Rg3 Rxh4 34.Nb5 Rxe4 
35.Nc3 Rxc4 36.Re3 Kg7 37.Kg2 b5 38.Nd1 Rd4 39.Nb2 e4 40.Kg3 Rd2 0-1

[Event "3rd EUR-ch (w)"]
[Site "Varna BUL"]
[Date "2002.05.29"]
[Round "3.26"]
[White "Ovod, Evgenia"]
[Black "Makka, Ioulia"]
[Result "1-0"]
[WhiteElo "2379"]
[BlackElo "2188"]
[EventDate "2002.05.27"]
[PlyCount "79"]

1.d4 d5 2.c4 c6 3.Nf3 Nf6 4.Nc3 a6 5.c5 Nbd7 6.Bf4 Nh5 7.e3 b6 8.b4 Nxf4 
9.exf4 g6 10.Bd3 Qc7 11.Ne5 f6 12.Nxd7 Bxd7 13.Na4 b5 14.Nb6 Rd8 15.f5 Kf7
16.Qg4 Rg8 17.f4 Bxf5 18.Bxf5 gxf5 19.Qh5+ Rg6 20.O-O Bh6 21.g3 e6 22.a4 
Kg7 23.axb5 axb5 24.Ra3 Qf7 25.Kh1 Kh8 26.Qf3 Rdg8 27.Rfa1 Rg4 28.Ra7 Qg6 
29.Ra8 Bf8 30.Nd7 Qh6 31.Qe2 e5 32.dxe5 Be7 33.exf6 Bxf6 34.Qe6 Rxg3 35.
Rxg8+ Rxg8 36.Nxf6 Rf8 37.Rg1 Qxf6 38.Rg8+ Rxg8 39.Qxf6+ Rg7 40.Qxc6 1-0

[Event "3rd EUR-ch (w)"]
[Site "Varna BUL"]
[Date "2002.05.29"]
[Round "3.27"]
[White "Papadopoulou, Vera"]
[Black "Zayats, Elena"]
[Result "0-1"]
[WhiteElo "2170"]
[BlackElo "2346"]
[EventDate "2002.05.27"]
[PlyCount "114"]

1.d4 Nf6 2.c4 e6 3.Nf3 Bb4+ 4.Bd2 a5 5.a3 Be7 6.Nc3 d5 7.Bg5 O-O 8.e3 b6 
9.Qc2 Ba6 10.b3 Nbd7 11.Bd3 c5 12.cxd5 Bxd3 13.Qxd3 Nxd5 14.Bxe7 Nxe7 15.
O-O cxd4 16.exd4 Rc8 17.Rac1 Nf6 18.Ne4 Nxe4 19.Qxe4 Nd5 20.Ne5 Nc3 21.Qd3
Qxd4 22.Qxd4 Ne2+ 23.Kh1 Nxd4 24.Rxc8 Rxc8 25.Nc4 Nxb3 26.Nxb6 Rc6 27.Rd1 
f6 28.Na4 e5 29.g3 Nd4 30.Rd2 g5 31.f4 Nf3 32.Re2 gxf4 33.gxf4 Rc4 34.Nb6 
Rc1+ 35.Kg2 Nd4 36.Rd2 Kf7 37.fxe5 fxe5 38.Rd3 Rc2+ 39.Kg3 Ke6 40.h4 Rc6 
41.Na4 Rc4 42.Nb2 Nf5+ 43.Kh3 Rxh4+ 44.Kg2 Rd4 45.Rb3 Rd2+ 46.Kf1 Nd4 47.
Rb7 Rc2 48.Na4 h5 49.Rh7 Rh2 50.Nb6 Nf3 51.Nc4 e4 52.Ne3 Ke5 53.Rd7 Ra2 
54.Rd8 h4 55.Rd5+ Kf4 56.Ng2+ Kg3 57.Nxh4 Rf2# 0-1

[Event "3rd EUR-ch (w)"]
[Site "Varna BUL"]
[Date "2002.05.29"]
[Round "3.28"]
[White "Savova, Stefka"]
[Black "Ciuksyte, Dagne"]
[Result "0-1"]
[WhiteElo "2165"]
[BlackElo "2340"]
[EventDate "2002.05.27"]
[PlyCount "41"]

1.e4 c5 2.Nf3 e6 3.d4 cxd4 4.Nxd4 a6 5.Nc3 b5 6.Bd3 Qb6 7.Nb3 Qc7 8.O-O 
Nf6 9.a3 Bb7 10.Kh1 d5 11.Qe2 Nbd7 12.Bg5 Bd6 13.Nd4 Be5 14.Bxf6 Nxf6 15.
Ndxb5 axb5 16.Bxb5+ Ke7 17.exd5 Bxc3 18.d6+ Qxd6 19.bxc3 Rhd8 20.c4 Qf4 
21.f3 0-1

[Event "3rd EUR-ch (w)"]
[Site "Varna BUL"]
[Date "2002.05.29"]
[Round "3.29"]
[White "Smochina, Carolina"]
[Black "Velcheva, Maria"]
[Result "1/2-1/2"]
[WhiteElo "2143"]
[BlackElo "2327"]
[EventDate "2002.05.27"]
[PlyCount "209"]

1.c4 e6 2.Nc3 d5 3.d4 c6 4.cxd5 exd5 5.Bf4 Bd6 6.Bg3 Nf6 7.e3 Qe7 8.Bd3 
Bxg3 9.hxg3 Bg4 10.Qc2 g6 11.Nge2 Bxe2 12.Bxe2 Nbd7 13.Rc1 O-O 14.O-O h5 
15.b4 Rac8 16.Qb3 a6 17.a4 b5 18.Ra1 Kg7 19.axb5 axb5 20.Ra7 Rh8 21.Rfa1 
Ne8 22.Bf3 Nd6 23.Ne2 Nc4 24.Qc3 h4 25.e4 dxe4 26.d5+ Kh7 27.dxc6 Rxc6 28.
Nd4 Rcc8 29.Qe1 hxg3 30.Qxe4 Qxe4 31.Bxe4 gxf2+ 32.Kxf2 Nde5 33.Rh1+ Kg7 
34.Rxh8 Rxh8 35.Nxb5 Rb8 36.Rb7 Rxb7 37.Bxb7 Nd3+ 38.Ke2 Nxb4 39.g3 f5 40.
Nc7 Nd6 41.Bf3 Kf6 42.Nd5+ Nxd5 43.Bxd5 Ke5 44.Bc6 Ne4 45.Kf3 Nf6 46.Bb7 
g5 47.Bc8 g4+ 48.Kf2 Ne4+ 49.Kg2 Nd6 50.Bd7 Ke4 51.Kf2 Kd4 52.Be6 Ke5 53.
Bd7 Ne4+ 54.Kg2 Nc5 55.Bc8 Ke4 56.Kf2 Nd3+ 57.Ke2 Nb4 58.Bb7+ Nd5 59.Bc6 
Ke5 60.Kf2 Nf6 61.Bb7 Ne4+ 62.Kg2 Kd4 63.Bc8 Nd6 64.Bd7 Nc4 65.Kf2 Nd6 66.
Be6 Ke4 67.Bd7 Ke5 68.Bc6 Ne4+ 69.Kg2 Kd4 70.Bd7 Nd6 71.Kf2 Ke4 72.Bc6+ 
Kd3 73.Bd7 Kd4 74.Be6 Ne4+ 75.Kg2 Ke5 76.Bc8 Nc5 77.Kf2 Ke4 78.Ke2 Nb3 79.
Bd7 Ke5 80.Kf2 Nd2 81.Bc8 Ke4 82.Bb7+ Kd4 83.Bc8 Ne4+ 84.Kg2 Nd6 85.Bd7 
Ke3 86.Be6 Ke2 87.Bd7 Ke1 88.Be6 Ke2 89.Bd7 Ke3 90.Be6 Kd4 91.Kf2 Ke5 92.
Bd7 Nf7 93.Bc8 Nd6 94.Bd7 Ne4+ 95.Kg2 Kf6 96.Bc8 Kg5 97.Bd7 Nf6 98.Bc6 f4 
99.gxf4+ Kxf4 100.Kf2 Nh7 101.Bd7 g3+ 102.Kg2 Nf6 103.Bc6 Ng4 104.Kg1 Ne3 
105.Bd7 1/2-1/2

[Event "3rd EUR-ch (w)"]
[Site "Varna BUL"]
[Date "2002.05.29"]
[Round "3.30"]
[White "Djingarova, Emilia"]
[Black "Muller, Anne"]
[Result "1-0"]
[WhiteElo "2315"]
[BlackElo "2167"]
[EventDate "2002.05.27"]
[PlyCount "73"]

1.e4 c5 2.Nf3 d6 3.d4 cxd4 4.Nxd4 Nf6 5.f3 e5 6.Nb3 d5 7.Bg5 Be6 8.Bxf6 
gxf6 9.exd5 Bxd5 10.Nc3 Bb4 11.Qd3 Nc6 12.O-O-O Bxb3 13.Qxd8+ Rxd8 14.
Rxd8+ Kxd8 15.axb3 Rg8 16.Nd5 Be7 17.c3 f5 18.g3 Bg5+ 19.f4 exf4 20.gxf4 
Ne7 21.fxg5 Nxd5 22.h4 Ne3 23.Bd3 Kc7 24.Rh3 Re8 25.Kd2 f4 26.Rf3 Re7 27.
Rxf4 Nd5 28.Rd4 Nb6 29.Bxh7 Nd7 30.Be4 Re5 31.Bc2 Nc5 32.b4 Ne6 33.Re4 
Rd5+ 34.Ke3 Rd8 35.Bb3 Rh8 36.Bxe6 fxe6 37.g6 1-0

[Event "3rd EUR-ch (w)"]
[Site "Varna BUL"]
[Date "2002.05.29"]
[Round "3.31"]
[White "Voiska, Margarita"]
[Black "Galoian, Lilit"]
[Result "1/2-1/2"]
[WhiteElo "2300"]
[BlackElo "2163"]
[EventDate "2002.05.27"]
[PlyCount "99"]

1.c4 e6 2.g3 d5 3.Bg2 Be7 4.Nf3 Nf6 5.O-O O-O 6.d4 dxc4 7.Na3 c5 8.Nxc4 
Nc6 9.dxc5 Bxc5 10.Bf4 Nd5 11.Bg5 f6 12.Bd2 b5 13.Na3 Qb6 14.Rc1 Ncb4 15.
e4 Ne7 16.Bxb4 Bxb4 17.Nc2 Bd6 18.Ncd4 e5 19.Nxb5 Bb8 20.Nc3 Rd8 21.Qc2 
Bd6 22.Rfd1 Be6 23.Nd5 Qb7 24.Qb3 Qxb3 25.axb3 Rab8 26.Nd2 Kf7 27.Rc3 Bb4 
28.Rc7 Rd7 29.Rxd7 Bxd7 30.Nxb4 Rxb4 31.Ra1 Nc6 32.Bf1 Be6 33.Bc4 Bxc4 34.
Nxc4 Rxb3 35.Ra6 Nd4 36.Rxa7+ Kf8 37.h4 Rb4 38.Rc7 Ne6 39.Rc8+ Ke7 40.Ne3 
Rxb2 41.Nf5+ Kf7 42.Ra8 Rc2 43.h5 g6 44.hxg6+ hxg6 45.Ne3 Rc1+ 46.Kg2 Rc7 
47.Nd5 Rb7 48.Ra6 Rd7 49.f3 f5 50.Ra5 1/2-1/2

[Event "3rd EUR-ch (w)"]
[Site "Varna BUL"]
[Date "2002.05.29"]
[Round "3.32"]
[White "Sikorova, Olga"]
[Black "Lauterbach, Ingrid"]
[Result "1-0"]
[WhiteElo "2298"]
[BlackElo "2127"]
[EventDate "2002.05.27"]
[PlyCount "75"]

1.d4 e6 2.c4 d5 3.cxd5 exd5 4.Nc3 c6 5.Bf4 Nd7 6.e3 Ngf6 7.Bd3 g6 8.Nge2 
Nh5 9.Qc2 Nxf4 10.Nxf4 Nf6 11.h4 Bd6 12.O-O-O Ng4 13.Rde1 O-O 14.g3 Qf6 
15.f3 Nh6 16.Qd2 Nf5 17.Bxf5 Qxf5 18.g4 Qd7 19.Re2 Re8 20.Rg2 Qe7 21.e4 
dxe4 22.fxe4 Bb4 23.e5 Be6 24.h5 Bxa2 25.hxg6 fxg6 26.Rgh2 Bxc3 27.bxc3 
Qa3+ 28.Qb2 Qxb2+ 29.Kxb2 g5 30.Nh5 Bd5 31.Nf6+ Kf8 32.Rf1 Kg7 33.Rxh7+ 
Kg6 34.c4 Rf8 35.cxd5 Rxf6 36.Rfh1 Rf2+ 37.Kc3 Rf3+ 38.Kd2 1-0

[Event "3rd EUR-ch (w)"]
[Site "Varna BUL"]
[Date "2002.05.29"]
[Round "3.34"]
[White "Schuurman, Petra"]
[Black "Besheva, Svetla"]
[Result "1-0"]
[WhiteElo "2283"]
[BlackElo "2125"]
[EventDate "2002.05.27"]
[PlyCount "95"]

1.d4 Nf6 2.c4 g6 3.Nc3 Bg7 4.e4 d6 5.Nf3 O-O 6.Be2 Na6 7.O-O e5 8.Be3 Ng4 
9.Bg5 Qe8 10.dxe5 h6 11.Bf4 dxe5 12.Bg3 h5 13.a3 c6 14.Qc2 f6 15.Rad1 Nc5 
16.b4 Ne6 17.c5 Bd7 18.Bc4 Kh7 19.Rd6 Nh6 20.Qa2 Nd4 21.Nxd4 exd4 22.Rxd4 
f5 23.e5 g5 24.f4 gxf4 25.Bxf4 Ng4 26.Qe2 Be6 27.Bd3 Qg6 28.Rd6 Rae8 29.h3
Nh6 30.Bh2 Kh8 31.Qc2 Qg5 32.Bf4 Qg6 33.Ne2 Nf7 34.Nd4 Nxd6 35.cxd6 Bd7 
36.Nf3 Bh6 37.Bh2 Bg7 38.Re1 Be6 39.Nd4 Qg5 40.Nxe6 Rxe6 41.Bc4 Rg6 42.e6 
f4 43.e7 Bd4+ 44.Kh1 Rfg8 45.Bxg8 f3 46.Bd5 cxd5 47.e8=Q+ Rg8 48.Be5+ 1-0

[Event "3rd EUR-ch (w)"]
[Site "Varna BUL"]
[Date "2002.05.29"]
[Round "3.36"]
[White "Richards, Heather"]
[Black "Ozturk, Kubra"]
[Result "0-1"]
[WhiteElo "2252"]
[BlackElo "2017"]
[EventDate "2002.05.27"]
[PlyCount "82"]

1.e4 e5 2.Nc3 Nc6 3.g3 Nf6 4.Bg2 Bc5 5.Nge2 Ng4 6.O-O Qf6 7.d4 exd4 8.Nd5 
Qd8 9.Nef4 d6 10.Nh5 O-O 11.b4 Bb6 12.h3 Nge5 13.b5 Na5 14.f4 Nec4 15.f5 
Ne3 16.Bxe3 dxe3 17.Nxb6 axb6 18.Qd4 f6 19.g4 h6 20.h4 Qe8 21.Nf4 Qxb5 22.
Ng6 Re8 23.e5 dxe5 24.Bd5+ Kh7 25.Qe4 Qc5 26.g5 Rd8 27.gxf6 gxf6 28.Qg2 
e2+ 29.Rf2 Bxf5 30.c4 Bxg6 31.Kh2 Qd4 32.h5 Bd3 33.Re1 Rd7 34.Rf3 Rg7 35.
Rg3 Qh4+ 36.Qh3 Qxg3+ 37.Qxg3 Rxg3 38.Kxg3 e4 39.c5 c6 40.Be6 bxc5 41.Kf2 
e3+ 0-1

[Event "3rd EUR-ch (w)"]
[Site "Varna BUL"]
[Date "2002.05.29"]
[Round "3.38"]
[White "Bojkovic, Natasa"]
[Black "Bednikova, Stefi"]
[Result "0-1"]
[WhiteElo "2431"]
[BlackElo "2184"]
[EventDate "2002.05.27"]
[PlyCount "91"]

1.c4 g6 2.g3 Bg7 3.Bg2 d6 4.Nc3 Nf6 5.d4 O-O 6.h3 c5 7.e3 cxd4 8.exd4 a6 
9.Nge2 Qc7 10.b3 Nbd7 11.Be3 Rb8 12.Rc1 b6 13.d5 Bb7 14.O-O Rfe8 15.Nd4 e5
16.Nc6 Rbc8 17.Na4 e4 18.b4 Bxc6 19.dxc6 Qxc6 20.Qb3 b5 21.cxb5 Qxb5 22.
Nc3 Qb7 23.Rfd1 Bf8 24.Bf4 Ne5 25.Bg5 Ned7 26.Bf4 Ne5 27.Bg5 Ned7 28.Bf4 
Ne5 29.a4 h6 30.b5 g5 31.Be3 axb5 32.axb5 Kg7 33.Bd4 d5 34.Ra1 Bc5 35.Ne2 
Nd3 36.Rxd3 exd3 37.Qxd3 Qe7 38.Bf3 Bd6 39.Ra7 Rc7 40.b6 Rxa7 41.bxa7 Bc5 
42.Qa6 Ra8 43.Qc6 Bxd4 44.Nxd4 Qxa7 45.Nf5+ Kg6 46.Qc2 0-1

[Event "3rd EUR-ch (w)"]
[Site "Varna BUL"]
[Date "2002.05.29"]
[Round "3.41"]
[White "Repkova, Eva"]
[Black "Zawadzka, Jolanta"]
[Result "1-0"]
[WhiteElo "2345"]
[BlackElo "2181"]
[EventDate "2002.05.27"]
[PlyCount "69"]

1.e4 e5 2.Bc4 Nf6 3.d3 Bc5 4.Nf3 Nc6 5.O-O d6 6.h3 h6 7.c3 a6 8.Bb3 Ba7 9.
Nbd2 O-O 10.Re1 Nh5 11.Nf1 Qf6 12.Be3 Bxe3 13.fxe3 Qg6 14.Kh2 Kh8 15.d4 f5
16.Nh4 Qg5 17.Nxf5 Bxf5 18.exf5 Rxf5 19.Qg4 Raf8 20.Qxg5 Rxg5 21.Re2 Rgf5 
22.Ng3 Nxg3 23.Kxg3 Ne7 24.Bc2 Rg5+ 25.Kh2 c6 26.Rd1 Rf6 27.h4 Rh5 28.g3 
g5 29.dxe5 dxe5 30.Rd7 Ng6 31.Rf7 Rd6 32.Rf5 Kg7 33.Ref2 Rd7 34.Rf6 Nh8 
35.Bf5 1-0

[Event "3rd EUR-ch (w)"]
[Site "Varna BUL"]
[Date "2002.05.29"]
[Round "3.42"]
[White "Velikhanli, Firuza"]
[Black "Lomakina, Galia"]
[Result "1-0"]
[WhiteElo "2320"]
[BlackElo "2142"]
[EventDate "2002.05.27"]
[PlyCount "65"]

1.e4 d6 2.d4 Nf6 3.Nc3 g6 4.Be2 Bg7 5.f4 O-O 6.Nf3 c5 7.d5 b5 8.e5 dxe5 9.
fxe5 Ng4 10.Nxb5 Nxe5 11.O-O Bb7 12.Nxe5 Bxe5 13.c4 a6 14.Nc3 Qc7 15.h3 
Nd7 16.Be3 Nf6 17.Qd2 Ne8 18.Ne4 Ng7 19.Nxc5 Nf5 20.Rxf5 gxf5 21.Nxb7 Qxb7
22.Bd4 Bxd4+ 23.Qxd4 Rab8 24.b3 Rbd8 25.Rd1 e6 26.d6 f6 27.c5 Kg7 28.Bf3 
Qc8 29.c6 e5 30.Qd5 e4 31.Be2 Rf7 32.Bc4 Ra7 33.d7 1-0

[Event "3rd EUR-ch (w)"]
[Site "Varna BUL"]
[Date "2002.05.29"]
[Round "3.43"]
[White "Kaps, Darja"]
[Black "Movsisian, Naira"]
[Result "0-1"]
[WhiteElo "2251"]
[BlackElo "2078"]
[EventDate "2002.05.27"]
[PlyCount "72"]

1.e4 e6 2.d4 d5 3.Nc3 Nf6 4.e5 Nfd7 5.f4 c5 6.Nf3 Nc6 7.Be3 a6 8.Qd2 b5 9.
dxc5 Bxc5 10.Bxc5 Nxc5 11.Qf2 Qb6 12.Bd3 b4 13.Ne2 a5 14.O-O Ba6 15.Kh1 
Bxd3 16.cxd3 Qb5 17.Nc1 Rb8 18.Rd1 O-O 19.g4 b3 20.axb3 Nxb3 21.Nxb3 Qxb3 
22.Rd2 f6 23.Rc1 Qa4 24.Rdc2 Qxf4 25.Rxc6 fxe5 26.R1c2 e4 27.dxe4 dxe4 28.
h3 exf3 29.Rxe6 Rbc8 30.Rec6 Rxc6 31.Rxc6 Rd8 32.Qf1 f2 33.Rc1 Qf3+ 34.Kh2
Rd3 35.Ra1 Qf4+ 36.Kh1 Rg3 0-1

[Event "3rd EUR-ch (w)"]
[Site "Varna BUL"]
[Date "2002.05.29"]
[Round "3.44"]
[White "Shaidullina, Sandugach"]
[Black "Jiretorn, Eva"]
[Result "1/2-1/2"]
[WhiteElo "2245"]
[BlackElo "2114"]
[EventDate "2002.05.27"]
[PlyCount "66"]

1.d4 Nf6 2.Nf3 g6 3.c4 Bg7 4.g3 O-O 5.Bg2 d6 6.O-O Nbd7 7.Nc3 e5 8.h3 a6 
9.Re1 exd4 10.Nxd4 Re8 11.e4 Nc5 12.Bf4 Nfd7 13.Be3 Ne5 14.Bf1 Bd7 15.f4 
Nc6 16.Bg2 a5 17.Rb1 h5 18.Nxc6 Bxc6 19.e5 Bxg2 20.Kxg2 Qd7 21.Nd5 Qc6 22.
exd6 Qxd6 23.f5 Nd7 24.Bf4 Be5 25.Bxe5 Rxe5 26.Rxe5 Qxe5 27.Qe1 c6 28.Qxe5
Nxe5 29.Nf4 Rd8 30.b3 Rd2+ 31.Kf1 Nf3 32.fxg6 Nh2+ 33.Ke1 Nf3+ 1/2-1/2

[Event "3rd EUR-ch (w)"]
[Site "Varna BUL"]
[Date "2002.05.29"]
[Round "3.45"]
[White "Kouvatsou, Maria"]
[Black "Cavusoglu, Yildiz"]
[Result "0-1"]
[WhiteElo "2232"]
[BlackElo "2036"]
[EventDate "2002.05.27"]
[PlyCount "112"]

1.e4 e5 2.Nf3 Nf6 3.Nxe5 d6 4.Nf3 Nxe4 5.d3 Nf6 6.d4 Be7 7.c4 O-O 8.Nc3 d5
9.h3 c6 10.Bd3 dxc4 11.Bxc4 Nbd7 12.O-O Nb6 13.Bb3 Nbd5 14.Ne5 Be6 15.Qf3 
Qc8 16.Bg5 Nxc3 17.bxc3 Bd5 18.Qd3 Be4 19.Qe3 Bf5 20.Nxf7 Rxf7 21.Qxe7 Nd5
22.Qe5 Qd7 23.Rfe1 a5 24.a4 Raf8 25.Bh4 Bg6 26.Bg3 Kh8 27.Qg5 Rf5 28.Qd2 
R5f6 29.Re5 Nf4 30.Bxf4 Rxf4 31.Rae1 Rxf2 32.Qxf2 Rxf2 33.Kxf2 h6 34.R1e3 
Qd8 35.Bc2 Qh4+ 36.g3 Qf6+ 37.Rf3 Qd6 38.Bxg6 Qxg6 39.Rff5 Qd6 40.h4 Qa3 
41.Re3 Qxa4 42.Rf8+ Kh7 43.h5 Qc2+ 44.Kf3 Qd1+ 45.Re2 Qf1+ 46.Rf2 Qh1+ 47.
Kg4 Qe4+ 48.R2f4 Qe6+ 49.R8f5 a4 50.Kf3 Qb3 51.Re4 Qxc3+ 52.Kg4 a3 53.Rf8 
a2 54.Ree8 Qxd4+ 55.Kf3 Qd5+ 56.Kf4 Qd6+ 0-1

[Event "3rd EUR-ch (w)"]
[Site "Varna BUL"]
[Date "2002.05.29"]
[Round "3.46"]
[White "Shtereva, Slaveja"]
[Black "Agrest, Svetlana"]
[Result "0-1"]
[WhiteElo "2071"]
[BlackElo "2225"]
[EventDate "2002.05.27"]
[PlyCount "82"]

1.c4 f5 2.Nc3 Nf6 3.d4 g6 4.g3 Bg7 5.Bg2 d6 6.Nf3 O-O 7.O-O c6 8.d5 Qe8 9.
e4 fxe4 10.Ng5 Na6 11.Ngxe4 Nxe4 12.Nxe4 Bf5 13.Re1 Qd7 14.Ng5 Nc5 15.Ne4 
Na6 16.Ng5 Nc7 17.dxc6 bxc6 18.Qa4 d5 19.Bf4 Rac8 20.Rad1 e6 21.Be5 Bxe5 
22.Rxe5 h6 23.Nh3 Qg7 24.Rde1 g5 25.Qxc6 dxc4 26.Qxc4 Nd5 27.Qd4 Nb6 28.
Qd1 Nc4 29.Rb5 Nxb2 30.Qh5 Nd3 31.Rd1 Ne5 32.Qe2 Bg4 33.f3 Nxf3+ 34.Bxf3 
Bxf3 35.Qxe6+ Kh8 36.Rf1 Rcd8 37.Qb3 Be2 38.Rxf8+ Rxf8 39.Rb8 Qd4+ 40.Kg2 
Bf1+ 41.Kh1 Qe4+ 0-1

[Event "3rd EUR-ch (w)"]
[Site "Varna BUL"]
[Date "2002.05.29"]
[Round "3.47"]
[White "Bratimirova, Dimitrinka"]
[Black "Kharashkina, Bairta"]
[Result "0-1"]
[WhiteElo "2076"]
[BlackElo "2193"]
[EventDate "2002.05.27"]
[PlyCount "88"]

1.e4 c5 2.Nf3 Nc6 3.d4 cxd4 4.Nxd4 Nf6 5.Nc3 e5 6.Ndb5 d6 7.Bg5 a6 8.Bxf6 
gxf6 9.Na3 b5 10.Nd5 f5 11.Bd3 Be6 12.Qh5 Rg8 13.g3 Rg4 14.Qxh7 Nd4 15.
O-O-O Rg6 16.Qh4 Qxh4 17.gxh4 Rc8 18.exf5 Bxf5 19.Bxf5 Nxf5 20.h5 Rg2 21.
f4 Nd4 22.Rd2 Ne2+ 23.Kd1 Nxf4 24.Nxf4 Rxd2+ 25.Kxd2 Bh6 26.Kd3 Bxf4 27.c4
b4 28.Nc2 a5 29.b3 Ke7 30.Ne1 Rg8 31.Ke4 Ke6 32.Kf3 f5 33.Ng2 Bh6 34.Rd1 
a4 35.Rd5 axb3 36.axb3 Ra8 37.Rb5 Bd2 38.Rb6 Bc3 39.Ne3 e4+ 40.Ke2 Ra2+ 
41.Kf1 Bd4 42.Rxb4 Bxe3 43.Rb7 Rxh2 44.Rh7 f4 0-1

[Event "3rd EUR-ch (w)"]
[Site "Varna BUL"]
[Date "2002.05.29"]
[Round "3.48"]
[White "Johansson, Victoria"]
[Black "Topel, Zehra"]
[Result "1/2-1/2"]
[WhiteElo "2189"]
[BlackElo "2023"]
[EventDate "2002.05.27"]
[PlyCount "73"]

1.d4 Nf6 2.c4 g6 3.Nc3 Bg7 4.e4 d6 5.f4 O-O 6.Nf3 Na6 7.Be2 c5 8.d5 e6 9.
O-O exd5 10.cxd5 Nc7 11.a4 Re8 12.Nd2 Na6 13.Bf3 Nb4 14.Nc4 b6 15.e5 dxe5 
16.fxe5 Nd7 17.e6 Ne5 18.Nxe5 Bxe5 19.exf7+ Kxf7 20.d6 Rb8 21.Bc6+ Kg7 22.
Bxe8 Qh4 23.Bf4 Bxf4 24.Rxf4 Qxf4 25.d7 Qe3+ 26.Kf1 Nd3 27.Qf3 Qxf3+ 28.
gxf3 Ba6 29.Nb5 Nxb2 30.Kg2 Kf6 31.Nxa7 Bb7 32.Rb1 Nc4 33.Kg3 Rd8 34.Re1 
Ne5 35.Rb1 Nxd7 36.Bxd7 Rxd7 37.Rxb6+ 1/2-1/2

[Event "3rd EUR-ch (w)"]
[Site "Varna BUL"]
[Date "2002.05.29"]
[Round "3.49"]
[White "Gjergji, Rozana"]
[Black "Zakurdyaeva, Irina"]
[Result "0-1"]
[WhiteElo "2029"]
[BlackElo "2318"]
[EventDate "2002.05.27"]
[PlyCount "48"]

1.e4 c5 2.f4 Nc6 3.Nf3 e6 4.Bb5 Nd4 5.Nxd4 cxd4 6.b3 Nf6 7.Qf3 Bc5 8.Bb2 
O-O 9.O-O a6 10.Bd3 d5 11.e5 Ne4 12.Kh1 f5 13.exf6 Nxf6 14.Qf2 e5 15.Qh4 
e4 16.Be2 Bf5 17.b4 Ba7 18.Na3 Qd6 19.b5 Bc5 20.Nb1 axb5 21.Bxb5 Bd7 22.c4
Bxb5 23.cxb5 Ra4 24.a3 Qb6 0-1

[Event "3rd EUR-ch (w)"]
[Site "Varna BUL"]
[Date "2002.05.29"]
[Round "3.50"]
[White "Khasanova, Elmira"]
[Black "Raeva, Elitsa"]
[Result "1-0"]
[WhiteElo "2256"]
[BlackElo "2101"]
[EventDate "2002.05.27"]
[PlyCount "97"]

1.d4 d5 2.c4 e6 3.Nc3 Nf6 4.Bg5 c6 5.e3 Nbd7 6.cxd5 exd5 7.Nf3 Be7 8.Bd3 
O-O 9.O-O h6 10.Bh4 Re8 11.Qc2 Ne4 12.Bxe7 Qxe7 13.b4 f5 14.b5 Ndf6 15.
bxc6 bxc6 16.Na4 Bb7 17.Ne5 c5 18.Ng6 Qf7 19.Ne5 Qe7 20.f3 cxd4 21.fxe4 
fxe4 22.exd4 exd3 23.Qxd3 Rac8 24.Rab1 Bc6 25.Nc5 Ne4 26.Rbc1 Qd6 27.Nxe4 
dxe4 28.Qc4+ Bd5 29.Qxc8 Rxc8 30.Rxc8+ Kh7 31.Rff8 Bg8 32.Rcd8 Qb4 33.h3 
Qe1+ 34.Kh2 Qd2 35.a3 Qg5 36.Rc8 e3 37.Nf3 Qe7 38.Rxg8 e2 39.Rce8 Qc7+ 40.
Kg1 g5 41.Rh8+ Kg7 42.Reg8+ Kf6 43.Rxh6+ Kf5 44.Rxg5+ Ke4 45.Re6+ Kd3 46.
Rge5 Qc1+ 47.Kf2 Qf1+ 48.Kg3 a5 49.Rxe2 1-0

[Event "3rd EUR-ch (w)"]
[Site "Varna BUL"]
[Date "2002.05.29"]
[Round "3.51"]
[White "Seps, Monika"]
[Black "Polushkina, Svetlana"]
[Result "1/2-1/2"]
[WhiteElo "2095"]
[BlackElo "2159"]
[EventDate "2002.05.27"]
[PlyCount "79"]

1.e4 c6 2.d4 d5 3.Nc3 dxe4 4.Nxe4 Bf5 5.Ng3 Bg6 6.h4 h6 7.Nf3 Nf6 8.h5 Bh7
9.Bd3 Bxd3 10.Qxd3 Nbd7 11.Bd2 Qc7 12.O-O-O O-O-O 13.Qe2 e6 14.Ne5 Nxe5 
15.dxe5 Nd5 16.c4 Nb4 17.Kb1 Be7 18.f4 Nd3 19.Ne4 Nc5 20.Nc3 Rd7 21.Be3 
Rhd8 22.Rxd7 Rxd7 23.Bxc5 Bxc5 24.Ne4 Qb6 25.Rd1 Rxd1+ 26.Qxd1 Ba3 27.b3 
Qe3 28.Nd6+ Kb8 29.Nxf7 Qe4+ 30.Ka1 a6 31.Qd2 Qf5 32.Nd6 Qxh5 33.Kb1 Qh1+ 
34.Kc2 Qa1 35.Kd3 Bc1 36.Qa5 Qb1+ 37.Ke2 Qc2+ 38.Ke1 Be3 39.Qd8+ Ka7 40.
Nc8+ 1/2-1/2

[Event "3rd EUR-ch (w)"]
[Site "Varna BUL"]
[Date "2002.05.29"]
[Round "3.52"]
[White "Gerasimovich, Olga"]
[Black "Karahaliou, Elia"]
[Result "1/2-1/2"]
[WhiteElo "2153"]
[BlackElo "2058"]
[EventDate "2002.05.27"]
[PlyCount "55"]

1.e4 c5 2.Nf3 Nc6 3.d4 cxd4 4.Nxd4 Qc7 5.Nb5 Qb8 6.c4 a6 7.N5c3 e6 8.Be3 
Nf6 9.Be2 b6 10.Qd2 Bc5 11.O-O O-O 12.Na3 Rd8 13.Nc2 Bxe3 14.Nxe3 d6 15.a3
Ra7 16.b4 Rad7 17.f4 Ne7 18.Bf3 Bb7 19.Qd4 d5 20.e5 dxc4 21.Qxb6 Nfd5 22.
Ncxd5 Nxd5 23.Bxd5 Bxd5 24.Nxd5 exd5 25.Qxa6 Ra7 26.Qc6 Rc7 27.Qa6 Ra7 28.
Qc6 1/2-1/2

[Event "3rd EUR-ch (w)"]
[Site "Varna BUL"]
[Date "2002.05.29"]
[Round "3.53"]
[White "Zlatanova, Emilia"]
[Black "Stoilkovska, Sanja"]
[Result "1-0"]
[WhiteElo "2137"]
[BlackElo "2049"]
[EventDate "2002.05.27"]
[PlyCount "69"]

1.e4 c5 2.Nc3 Nc6 3.g3 g6 4.Bg2 Bg7 5.d3 Rb8 6.Be3 d6 7.Qd2 e6 8.Nge2 Nge7
9.Bh6 O-O 10.h4 Ne5 11.h5 N7c6 12.hxg6 hxg6 13.Bxg7 Kxg7 14.Qh6+ Kf6 15.f4
Nd7 16.e5+ dxe5 17.Ne4+ Ke7 18.Qg5+ f6 19.Qxg6 Qa5+ 20.c3 Kd8 21.Rh7 Ne7 
22.Qh6 Qc7 23.O-O-O b5 24.Rh8 Ng6 25.Rxf8+ Ndxf8 26.Nxf6 Qe7 27.fxe5 Nxe5 
28.d4 cxd4 29.Ng8 Nf7 30.Rxd4+ Kc7 31.Qf4+ e5 32.Nxe7 exf4 33.Rxf4 Be6 34.
Nc6 Re8 35.Ned4 1-0

[Event "3rd EUR-ch (w)"]
[Site "Varna BUL"]
[Date "2002.05.29"]
[Round "3.54"]
[White "Mira, Helene"]
[Black "Ingolfsdottir, Harpa"]
[Result "1-0"]
[WhiteElo "2127"]
[BlackElo "2002"]
[EventDate "2002.05.27"]
[PlyCount "63"]

1.Nf3 Nf6 2.c4 c5 3.Nc3 Nc6 4.d4 cxd4 5.Nxd4 g6 6.e4 d6 7.Be2 Bg7 8.Be3 
O-O 9.O-O Bd7 10.Rc1 Rc8 11.f3 a6 12.Qd2 e6 13.Rfd1 Ne5 14.b3 Bc6 15.Nxc6 
Rxc6 16.g4 Ne8 17.f4 Nd7 18.e5 f6 19.exf6 Qxf6 20.g5 Qf5 21.Bf3 e5 22.Nd5 
Rf7 23.Qg2 exf4 24.Bxf4 Rc5 25.Bg4 Qxf4 26.Nxf4 Rxf4 27.Bxd7 Nf6 28.gxf6 
Bxf6 29.Rd5 Kg7 30.Rxc5 Bd4+ 31.Kh1 dxc5 32.Rf1 1-0

[Event "3rd EUR-ch (w)"]
[Site "Varna BUL"]
[Date "2002.05.30"]
[Round "4.1"]
[White "Khurtsidze, Nino"]
[Black "Kovalevskaya, Ekaterina"]
[Result "0-1"]
[WhiteElo "2446"]
[BlackElo "2482"]
[EventDate "2002.05.27"]
[PlyCount "60"]

1.d4 Nf6 2.c4 d6 3.Nf3 Nbd7 4.g3 e5 5.Nc3 Be7 6.Bg2 O-O 7.O-O c6 8.e4 Qe8 
9.h3 Bd8 10.Nh4 exd4 11.Qxd4 Ne5 12.b3 Nh5 13.Qxd6 Bxh4 14.gxh4 Bxh3 15.
Ba3 Bxg2 16.Kxg2 Ng6 17.Qh2 Ngf4+ 18.Kh1 Qe5 19.Bb2 Qe7 20.Rad1 Rad8 21.
Bc1 Qf6 22.f3 Qxc3 23.Rxd8 Rxd8 24.Bxf4 Rd1 25.Rxd1 Qxf3+ 26.Kg1 Qxd1+ 27.
Kf2 Nf6 28.Qh3 Ng4+ 29.Kg2 Qe2+ 30.Kg1 Qf2+ 0-1

[Event "3rd EUR-ch (w)"]
[Site "Varna BUL"]
[Date "2002.05.30"]
[Round "4.2"]
[White "Danielian, Elina"]
[Black "Stefanova, Antoaneta"]
[Result "0-1"]
[WhiteElo "2411"]
[BlackElo "2473"]
[EventDate "2002.05.27"]
[PlyCount "92"]

1.d4 d5 2.c4 c6 3.Nc3 dxc4 4.a4 e5 5.dxe5 Qxd1+ 6.Kxd1 Nd7 7.Nf3 Nc5 8.e4 
Be6 9.Be3 Nb3 10.Rb1 Bc5 11.Bxc5 Nxc5 12.Ng5 O-O-O+ 13.Kc2 Ne7 14.Nxe6 
Nxe6 15.Bxc4 Nd4+ 16.Kc1 Ng6 17.b3 Nxe5 18.Rd1 Nxc4 19.bxc4 Rhe8 20.Kb2 
Re5 21.Rbc1 Rc5 22.Nb1 Ne6 23.Rxd8+ Kxd8 24.Nd2 Rh5 25.Rd1 Ke7 26.Nf3 Ra5 
27.Kb3 Nc5+ 28.Kb4 b6 29.Ra1 Nd3+ 30.Kc3 Nxf2 31.Kd4 Ng4 32.h3 Nh6 33.g4 
f6 34.e5 f5 35.gxf5 Nxf5+ 36.Ke4 g6 37.Ng5 h6 38.Nf3 Kf7 39.Nd2 b5 40.e6+ 
Kf6 41.Kd3 Rxa4 42.e7 Kxe7 43.Re1+ Kf7 44.cxb5 cxb5 45.Re5 Ra3+ 46.Ke2 
Rxh3 0-1

[Event "3rd EUR-ch (w)"]
[Site "Varna BUL"]
[Date "2002.05.30"]
[Round "4.3"]
[White "Peng Zhaoqin"]
[Black "Kononenko, Tatiana"]
[Result "1-0"]
[WhiteElo "2472"]
[BlackElo "2370"]
[EventDate "2002.05.27"]
[PlyCount "69"]

1.d4 d5 2.c4 c6 3.Nf3 Nf6 4.e3 Bf5 5.Nc3 e6 6.Nh4 Be4 7.f3 Bg6 8.Qb3 Qb6 
9.Nxg6 hxg6 10.Bd2 Nbd7 11.O-O-O Qxb3 12.axb3 Bd6 13.h3 Nh5 14.Bd3 Ng3 15.
Rhe1 O-O-O 16.cxd5 exd5 17.e4 dxe4 18.fxe4 f6 19.Kc2 a6 20.Be3 c5 21.e5 
fxe5 22.dxc5 Bxc5 23.Bxg6 Bb4 24.Rd5 Nh5 25.Bf5 Nf6 26.Rxe5 Bd6 27.Re6 Kc7
28.Rxd6 Kxd6 29.Bf4+ Kc5 30.Na4+ Kb4 31.Bd2+ Kb5 32.Bd3+ Kc6 33.Re6+ Kc7 
34.Bf4+ Ne5 35.Bxe5+ 1-0